| 000 | 00932cam a22002898a 4500 | ||
|---|---|---|---|
| 001 | 16602002 | ||
| 005 | 20140406114550.0 | ||
| 008 | 110106s2011 xxkad frb 001 0 eng d | ||
| 010 | _a2011000352 | ||
| 020 | _a9780230279933 (pbk.) | ||
| 040 |
_aDLC _cDLC |
||
| 043 | _aa-cc--- | ||
| 082 | 0 | 4 |
_a320.951 _222 _bSAI |
| 100 | 1 |
_aSaich, Tony _935891 |
|
| 245 | 1 | 0 |
_aGovernance and politics of China / _cTony Saich. |
| 250 |
_a3rd ed., _bfully revised and updated. |
||
| 260 |
_aHoundmills, United Kingdom : _bPalgrave Macmillan, _c2011. |
||
| 300 |
_axv, 428 p. : _bcharts, tables ; _c24 cm. |
||
| 490 | 0 | _aComparative government and politics | |
| 500 | _aIndex : p. 421-428. | ||
| 504 | _aBibliography : p. 398-420. | ||
| 651 | 0 |
_aChina _xPolitics and government _y1949- _935892 |
|
| 651 | 0 |
_aChina _xEconomic policy _y1949- _935893 |
|
| 653 |
_bBUSBOL _cApril2014 |
||
| 655 |
_vreading book _934232 |
||
| 942 |
_2ddc _k320.951 SAI |
||
| 999 |
_c18211 _d18183 |
||